000 00694nam a2200217 i 4500
001 bg
100 1 _aSUCHAŃSKI, Jerzy
245 1 0 _aZbiór zadań z elektrotechniki dla wydziałów nieelektrycznych /
_cJerzy Suchański.
_nCz. 1.
260 _aKielce :
_bPŚ. Dział Wydawnictw,
_c1995.
300 _a85 s. :
_brys. ;
_c24 cm.
490 1 _aSkrypty / Politechnika Świętokrzyska,
_x0239-6386 ;
_v274
504 _aBibliogr. s. 85.
650 9 _aElektrotechnika
655 _aPodręczniki akademickie
830 0 _aSkrypty (Politechnika Świętokrzyska) ;
_v274
040 _cBPK
041 0 _apol
080 _a621.3(075.8)
942 _cKS
008 s pl f |000 0 pol
999 _c24511
_d24511
856 _uhttp://koha.tu.koszalin.pl/cgi-bin/koha/opac-detail.pl?biblionumber=24511
_yKatalog online BPK